| 000 | 00500nam a2200181Ia 4500 | ||
|---|---|---|---|
| 005 | 20250320051159.0 | ||
| 008 | 240331s9999 xx 000 0 und d | ||
| 020 | _a019212269X | ||
| 082 |
_a302.2 _bENR _22017 |
||
| 100 | _aEnright, D. J | ||
| 245 | 0 |
_aFields of Vision: _bEssays on Literature, Language, and Television |
|
| 260 |
_aOxford; _aNew York, _bOxford University Press _c1988 |
||
| 300 | _aviii, 248 p., | ||
| 650 | _aLiterature | ||
| 650 | _aTelevision | ||
| 650 | _aLanguage | ||
| 942 | _cL | ||
| 999 |
_c1086 _d1086 |
||